00469nam a22001697a 450000500170000000800410001702000150005802200150007304100120008808200120010010000120011224500570012425000180018126000450019930000300024465000250027420240924124536.0240924b |||||||| |||| 00| 0 eng d a0409003859 a0409004480 aEnglish a349 JOU lEnglish aThe Law of South Africa / cWA Joubert and JA Faris  aFirst Reissue aDurban: bButterworth Publishers, c2003 bvii, 505 pages; c26 cm.  aLegal practice bLaw